| 000 | 00441nam a22001571a 4500 | ||
|---|---|---|---|
| 020 | _a9789383498079 | ||
| 082 |
_aM09 _bKUM/U |
||
| 100 |
_aKumaran Mambuzha _9156216 |
||
| 245 |
_aUlkazhchakal/ _cby Kumaran Mambuzha |
||
| 260 |
_aSukapuram: _bVallthol Vidyapeetham, _c2014. |
||
| 300 | _a134p. | ||
| 650 |
_aLiterature Malayalam Criticism _9156217 |
||
| 650 |
_aLiterature Malayalam _9156218 |
||
| 650 |
_aLiterature _9156219 |
||
| 942 | _cBK | ||
| 999 |
_c141766 _d141766 |
||